|
|
|
|
| LEADER |
00000ny a22000003n 4500 |
| 005 |
20110512130327.0 |
| 008 |
840404c19uu9999us mr p s 0 a0eng d |
| 022 |
0 |
|
|a 0885-6931
|
| 035 |
|
|
|a 3829
|
| 040 |
|
|
|a UCA
|d vLex
|
| 090 |
|
|
|c 1783
|d 1783
|
| 245 |
0 |
4 |
|a The Practicing CPA
|h [Recurso electrn̤ico]
|
| 256 |
|
|
|a Servicio en ln̕ea
|
| 260 |
|
|
|a New York :
|b American Institute of Certified Public Accountants
|
| 310 |
|
|
|a Mensual
|
| 506 |
1 |
|
|a Contenido solo disponible en los productos indicados
|d vLex Global
|d vLex Global (Academic Edition, excluding Law Schools)
|d vLex Global (U.S. Academic Edition, excluding Law Schools)
|
| 650 |
0 |
4 |
|a Contabilidad
|x Publicaciones perid̤icas
|
| 710 |
2 |
|
|a American Institute of Certified Public Accountants
|
| 740 |
0 |
|
|a vLex Revista (Servicios en ln̕ea)
|
| 843 |
|
|
|a Electrn̤ica. Abierta
|
| 853 |
|
|
|8 1
|i (year)
|j (month)
|k (day)
|
| 856 |
4 |
0 |
|z Acceso restringido
|u http://vlex.com/account/login_ip?fuente_id=3829
|
| 942 |
|
|
|c REV
|